| 000 | 00802nam a2200133Ia 4500 | ||
|---|---|---|---|
| 008 | 171212s9999 xx 000 0 und d | ||
| 020 | _a9780833073402 | ||
| 100 | _aDavis, Lynn E.;Pettyjohn, Stacie L.;Sisson, Melanie W.;Worman, Stephen M.;McNerney, Michael J. | ||
| 245 |
_cDavis, Lynn E.;Pettyjohn, Stacie L.;Sisson, Melanie W.;Worman, Stephen M.;McNerney, Michael J. _aU.S. Overseas Military Presence _bWhat Are the Strategic Choices? |
||
| 260 |
_bRAND Corporation _c2012 |
||
| 650 | _aHistory | ||
| 650 | _aUnited States -- Armed Forces -- Foreign countries; Military bases, American -- Foreign countries; United States -- Defenses -- Planning; National security -- United States -- Planning; United States -- Military policy -- Planning; Strategy | ||
| 856 | _uwww.jstor.org/stable/10.7249/mg1211af | ||
| 999 |
_c352769 _d352769 |
||